| 000 | 00882nam a2200217 a 4500 | ||
|---|---|---|---|
| 003 | 0 | ||
| 005 | 20250322081702.0 | ||
| 008 | 060801s19uu xx 00 eng d | ||
| 050 |
_aPGS HQ 777.5.P37 _b.J41 2006 |
||
| 100 | _aJawad, Mariam L. | ||
| 245 |
_aThe effects of parental separation on the relationship between grade 5 and 6 students and their parents / _cMariam L. Jawad. |
||
| 260 |
_aLas PiƱas City, Philippines : _bSouthville International School and Colleges, _c2006. |
||
| 300 |
_a25 pages : _billustrations ; _c28 cm. |
||
| 504 | _aIncludes bibliographical references. | ||
| 650 | _aChildren of divorced parents | ||
| 650 |
_aParent and child _vPsychological aspects. |
||
| 650 | _aParenting and family relationships. | ||
| 650 | _aSeparation (Psychology) in children. | ||
| 650 |
_aElementary school students _vSocial relationships. |
||
| 942 |
_2lcc _cPASS |
||
| 999 |
_c97494 _d97494 |
||